Worst Passports to Hold Quiz Stats

Quiz Updated Oct 19, 2012

Challenge
Share
Tweet
Embed
Score 0/24 Timer 05:00
5 Plays Today
Rank Passport % Correct
96Iran
89%
101Iraq
88.3%
94North Korea
78.7%
103Afghanistan
76.7%
100Pakistan
68.6%
96Syria
63.3%
97Sudan
60.8%
102Somalia
59.9%
94Libya
59.8%
95South Sudan
48.2%
95Democratic Republic of the Congo
45.4%
98Lebanon
44.4%
Rank Passport % Correct
96Ethiopia
44.4%
99Eritrea
37.7%
96Myanmar
37%
96Djibouti
32.4%
93Bangladesh
31%
98Nepal
30.9%
96Angola
27.3%
96Sri Lanka
24.6%
96Kosovo
23.2%
93Burundi
21.8%
94Cameroon
20.8%
93Equatorial Guinea
14.9%

You're not logged in!

Compare scores with friends on all Sporcle quizzes.
Join for Free
OR
Log In

You Might Also Like...

Show Comments

Extras

Top Quizzes Today


Score Distribution

Your Account Isn't Verified!

In order to create a playlist on Sporcle, you need to verify the email address you used during registration. Go to your Sporcle Settings to finish the process.

Report this User

Report this user for behavior that violates our Community Guidelines.

Details: